Catalog

Record Details

Catalog Search



Zlatý věk bulharského písemnictví : výbor textů od 10. do počátku 15. století  Cover Image Book Book

Zlatý věk bulharského písemnictví : výbor textů od 10. do počátku 15. století / uspoř. přel. a pozn. naps. Zoe Hauptová a Věnceslava Bechyňová ; úvod Ivan Dujčev ; fot. Jiří Hampl

Dujčev, Ivan Simeonov, 1907-1986 (Author of introduction, etc.). Hampl, Jiří, 1929-2009 (Photographer). Hauptová, Zoe, 1929-2012 (Compiler, Translator). Bechyňová, Věnceslava, 1920-2000 (Compiler, Translator).

Record details

  • Physical Description: 439 s., [16] s. obr. příl. : il. ; 21 cm
  • Edition: 1. vyd.
  • Publisher: Praha : Vyšehrad, 1982

Content descriptions

General Note:
Zkr.
Fot. na tit. listu
5500 výt.
Obálka a vazba Zdeněk Stejskal
Bibliography, etc. Note:
Obsahuje bibliografické odkazy
Genre: výbory

Available copies

  • 1 of 1 copy available at Common Catalog SPOK.

Holds

  • 0 current holds with 1 total copy.
Show All Copies
Location Call Number / Copy Notes Barcode Shelving Location Status Due Date
KDS Library 80 DuI 204576802897 Library Available -

LDR 01342nam a2200361 4500
00122311
003CZ-PrJAB
00520150721103708.0
007tu
008830630s1982 xr a u0|0 | cze
015 . ‡acnb000001479
020 . ‡q(Váz.) : ‡cKčs 31,00
035 . ‡a(CZ PrNK)ck8301460
035 . ‡a(OCoLC)39585810
040 . ‡aABA001 ‡bcze ‡cABA001 ‡dABA001
0411 . ‡acze ‡hbul
080 . ‡a886.7-822"09/14" ‡2undef
24500. ‡aZlatý věk bulharského písemnictví : ‡bvýbor textů od 10. do počátku 15. století / ‡cuspoř. přel. a pozn. naps. Zoe Hauptová a Věnceslava Bechyňová ; úvod Ivan Dujčev ; fot. Jiří Hampl
250 . ‡a1. vyd.
260 . ‡aPraha : ‡bVyšehrad, ‡c1982 ‡f(Mír 3)
300 . ‡a439 s., [16] s. obr. příl. : ‡bil. ; ‡c21 cm
500 . ‡aZkr.
500 . ‡aFot. na tit. listu
500 . ‡a5500 výt.
500 . ‡aObálka a vazba Zdeněk Stejskal
504 . ‡aObsahuje bibliografické odkazy
655 7. ‡avýbory ‡7fd133853 ‡2czenas
7001 . ‡aDujčev, Ivan Simeonov, ‡d1907-1986 ‡7kup20020000023447 ‡4aui
7001 . ‡aHampl, Jiří, ‡d1929-2009 ‡7xx0001418 ‡4pht
7001 . ‡aHauptová, Zoe, ‡d1929-2012 ‡7jk01040187 ‡4com ‡4trl
7001 . ‡aBechyňová, Věnceslava, ‡d1920-2000 ‡7jk01011394 ‡4com ‡4trl
910 . ‡aABE463
964 . ‡aLiteratura bulharská - stol. 10.-stol. 15. - výbory
998 . ‡a000001479
901 . ‡a22311 ‡b ‡c22311 ‡tbiblio

Additional Resources